000 01772nam0a2200337 i 4500
001 RU\NLR\BIBL_A\010892699
005 20240921152153.0
010 _a9785864336441
_9500
021 _aRU
_b2015-83244
_95075
035 _a(NILC)RuMoRGB-008052868
035 _a(NLR Aleph) 010892699
090 _a10562320
_c10562320
100 _a20151113d2015 u y0rusy50 ca
101 0 _arus
102 _aRU
105 _aa|||j|||000yy
200 1 _aСтрахование
_eучебное пособие для студентов высших учебных заведений, обучающихся по направлению 38.03.01 "Экономика" (уровень бакалавриата)
_fН.Н. Казанская, Г.И. Золотарева
_gМ-во образования и науки Рос. Федерации, Сиб. гос. аэрокосм. ун-т им. акад. М.Ф. Решетнева
210 _aКрасноярск
_cредакционно-издательский отдел Сибирского государственного аэрокосмического университета
_d2015
215 _a222, [1] с.
_cил.
_d21
320 _aБиблиогр.: с. 212-223 (86 назв.)
606 1 _aСтрахование
_jУчебные издания для высших учебных заведений
_91041262
_3RU\NLR\AUTH\6683083
675 _a347.7
686 1 _aУ26(2)31я73
700 1 _aКазанская
_bН. Н.
_gНаталья Николаевна
701 1 _aЗолотарева
_bГ. И.
_gГалина Ивановна
801 0 _aRU
_bРГБ
_c20151026
_gRCR
801 1 _aRU
_bРГБ
_c20151026
_2rusmarc
942 _cBOOK
980 _aNBR